header

Translation of addictions science into practice (Record no. 41120)

MARC details
000 -LEADER
fixed length control field 01414nam a2200361Ia 4500
245 00 - TITLE STATEMENT
Title Translation of addictions science into practice
250 ## - EDITION STATEMENT
Edition statement 1st ed.
260 ## - PUBLICATION, DISTRIBUTION, ETC. (IMPRINT)
Place of publication Amsterdam ;
-- Boston :
Name of publisher Elsevier/Pergamon,
Year of publication 2007.
300 ## - PHYSICAL DESCRIPTION
Number of Pages xvi, 495 p. :
Other physical details ill.
650 #0 - SUBJECT ADDED ENTRY--TOPICAL TERM
Topical Term Drug abuse
Topical Term Substance abuse
Topical Term Drug abuse
Topical Term Substance abuse
700 1# - ADDED ENTRY--PERSONAL NAME
Personal name Miller, Peter M.
Personal name Kavanagh, David John.
856 40 - ELECTRONIC LOCATION AND ACCESS
Uniform Resource Identifier http://site.ebrary.com/lib/rucke/Doc?id=10226588

No items available.

© 2026 Rongo University
Contact us: librarian | system librarian | Rongo university